Регионална библиотека "Любен Каравелов" - Русе

Marin Varbanov (1932 - 1989) (Запис номер 209052)

MARC детайли
000 -Лидер
Контролно поле с фиксирана дължина nkm a22 a 4500
003 - Код на организацията, давaща контролен номер
Контролно поле BLK
005 - Дата и час на последна редакция
Контролно поле 20210216142008.0
008 - Елементи от данни с фиксирана дължина
fixed length control field 180412b bul rap|r|||| r0| ||bulo|
010 ## - Наследен системен номер
LC control number KNG00087546000
020 ## - Международен стандартен номер на книга ISBN
Международен стандартен номер на книга ISBN 978-954-500-188-8
040 ## - Източник на каталожния запис
Идентификатор на билиотеката - собственик на записа BLK
041 ## - Код за език
Код за езика на текст/звукозапис или на отделно заглавие Английски
Код за езика КДБФ Английски
080 ## - УДК
Текстов определител УДК Художествено изработени тъкани, гоблени, килими и покривки
УДК код - определител по УДК 745.522
УДК определител .071.1(497.2)(092)(084)
УДК - код + определител 745.522.071.1(497.2)(092)(084)
080 ## - УДК
Текстов определител УДК Български художник приложник - декоративен текстил
УДК код - определител по УДК 929 Върбанов, Марин Иванов
УДК - код + определител 929 Върбанов, Марин Иванов
100 1# - Редна дума - Автор
Автор Varbanov, Marin Ivanov
Авторска отговорност първи автор
R(LIN) 351699
139 ## - Редно поле
Редна дума Varbanov, Marin Ivanov
Авторски знак Вър - В 97
Filing suffix V 29
Feature heading В 29
245 10 - Сведения за заглавието
Заглавие Marin Varbanov (1932 - 1989)
Редно поле (дума) Marin Ivanov Varbanov; text by Nezabravka Ivanova; fotogr. Vyara Nikolova Kandjeva; fotogr. Antoniy Georgiev Handjiyski; transl. [от бълг.] Vladimir Pomakov; Марин Върбанов.
257 ## - Страна на издаване
Страна на създаване/издаване България
260 ## - Област на издателските данни
Име на издателя, разпространителя и проч. Borina
Година на издаване 2008
Печатница Czech Republic
Място на издаване, разпространение и проч. София
300 ## - Физическа характеристика
Страници 112 p.
Илюстрации и др. ill.
Размери/Мащаб 30X30 cm
380 ## - Жанр
Жанр Изкуство
600 14 - Име на лице, използвано като предмет
За него / За нея Върбанов, Марин Иванов
9 (RLIN) 387038
650 #4 - Допълнително описание по предмет – тема
Основно описание – тема или топоним Върбанов, Марин Иванов
9 (RLIN) 387038
650 #4 - Допълнително описание по предмет – тема
Основно описание – тема или топоним Художници, български - албуми
9 (RLIN) 290224
650 #4 - Допълнително описание по предмет – тема
Основно описание – тема или топоним Художествена обработка на текстил - албуми
9 (RLIN) 310305
650 #4 - Допълнително описание по предмет – тема
Основно описание – тема или топоним Приложно и декоративно изкуство, българско - албуми
9 (RLIN) 343730
653 ## - Ключова дума – ненормативна
Ключова дума Марин Върбанов
653 ## - Ключова дума – ненормативна
Ключова дума български художници
653 ## - Ключова дума – ненормативна
Ключова дума приложни изкуства
653 ## - Ключова дума – ненормативна
Ключова дума декоративно изкуство
653 ## - Ключова дума – ненормативна
Ключова дума текстил
700 1# - Други автори (авторска отговорност)
Лично име Ivanova, Nezabravka
Автороска отговорност (Описва отношението между автора и произведението) text by
9 (RLIN) 351700
700 1# - Други автори (авторска отговорност)
Лично име Kandjeva, Vyara Nikolova
Автороска отговорност (Описва отношението между автора и произведението) fotogr.
9 (RLIN) 373683
700 1# - Други автори (авторска отговорност)
Лично име Handjiyski, Antoniy Georgiev
Автороска отговорност (Описва отношението между автора и произведението) fotogr.
9 (RLIN) 12318
700 1# - Други автори (авторска отговорност)
Лично име Pomakov, Vladimir
Автороска отговорност (Описва отношението между автора и произведението) transl. [от бълг.]
9 (RLIN) 373612
700 1# - Други автори (авторска отговорност)
Лично име Върбанов, Марин
9 (RLIN) 351701
852 ## - Местоположение
Форматна сигнатура Цб ІІ 27189
856 4# - Електронен адрес и достъп
Електронен формат pdf - файл
Път до файла /url/
856 4# - Електронен адрес и достъп
Електронен формат pdf - файл
Път до файла /url/
999 ## - СИСТЕМНИ КОНТРОЛНИ НОМЕРА
Koha biblionumber 209052
Koha biblioitemnumber 209052
942 ## - АРТИКУЛИ
Вид на библиотечния материал Графични издания
Скрит в OPAC Не
Периодичен библиозапис Да
944 ## - СЪЗДАВАНЕ И РЕДАКЦИЯ на ЗАПИСА
Създаване/Редакция Създаване
Дата на регистрацията/редакция 28.01.2009
Служител, извършил регистрацията/редакцията Людмила_Стоянова
944 ## - СЪЗДАВАНЕ И РЕДАКЦИЯ на ЗАПИСА
Създаване/Редакция Редакция
Дата на регистрацията/редакция 11.02.2009
944 ## - СЪЗДАВАНЕ И РЕДАКЦИЯ на ЗАПИСА
Създаване/Редакция Редакция
Дата на регистрацията/редакция 2021-02-16
Служител, извършил регистрацията/редакцията ВК
999 ## - СИСТЕМНИ КОНТРОЛНИ НОМЕРА
Koha biblioitemnumber 209052
999 ## - СИСТЕМНИ КОНТРОЛНИ НОМЕРА
Koha biblioitemnumber 209052
Наличности
Код за отписване Код за изгубен артикул Източник на класификационната схема Код за повреда Коз за рестрикции Код за отдаване Артикулен № Име на библиотеката - собственик Име на библиотеката, в която се намира в момента Статус (Текущо местоположение) Дата на вписване в системата Местоположение - отдел Цена в лева Инвентарен номер Систематично азбучна сигнатура Баркод Номер на екземпляра Цена в евро Служебна бележка Служебен тип на артикула
  Не е изгубен Universal Decimal Classification Не е повреден само за читалня ползва се в читалня 360252 Регионална библиотека "Любен Каравелов" Русе Регионална библиотека "Любен Каравелов" Русе Хранилище 2009-01-26 Хранилище 30.00 120000733159 Цб ІІ 27189 120000733159 1 15.34 Дост: Dp Вид: Д N: 35 Дата: 13.08.2008 Графични издания
  Не е изгубен Universal Decimal Classification Не е повреден без рестрикции ползва се в читалня 360253 Регионална библиотека "Любен Каравелов" Русе Регионална библиотека "Любен Каравелов" Русе Отдел Изкуство - подръчен фонд 2009-01-29 Отдел Изкуство - подръчен фонд 30.00 120000733189 745//В 29 120000733189 2 15.34 Дост: DA Вид: А N: 1 Дата: 28.01.2009 Дата инв: 03.06.2015 Бележки инв: ГрИ2015 Графични издания
Vip Innovations Ltd, Rousse, Bulgaria 2025